00575nam a2200181Ia 450000500170000000800410001702000290005804000190008704100120010608200130011824500830013126000450021430000150025950400500027465000360032470000230036085000100038320231117104350.0140110s9999 xx 000 0 und d a9788178299471cRs.875.00 aLoreto College aEnglish a327bDAS aPolitics of globalizationcEdited by Samir Dasgupta and Jan Nederveen Pieterse aNew DelhibSage Publications Indiac2009 axxvi,439p  aIncludes bibliographical references and index aGlobalization-Political aspects aDasgupta,Samir,ed. aLCLIB